Villes les plus peuplées du monde commençant par P - Statistiques

Statistiques générales
  • Ce quiz a été pris 153 fois
  • Le résultat moyen est 7 sur 10
Statistiques - réponses
Pays Villes % Correct
France Paris
99%
Chine Pékin
94%
Haïti Port-au-Prince
85%
Corée du Nord Pyongyang
85%
Cambodge Phnom Penh
83%
États-Unis Philadelphie
79%
Brésil Porto Alegre
49%
États-Unis Phoenix
46%
Inde Pune
31%
Pakistan Peshawar
20%
Aucun quiz correspondant
Distribution des résultats
% des personnes avec chaque résultat
Percentile par nombre de réponses
Votre historique - résultats
Vous n’avez pas pris ce quiz